|
|
|
|
| LEADER |
00000naa a2200000 ar4500 |
| 001 |
vtls008987095 |
| 003 |
SK-MaSNL |
| 005 |
20260302144835.0 |
| 008 |
070509c2004 xo |r|p|||||||000 b|slo |
| 015 |
|
|
|a SNBRA2007/05
|2 snkbucl
|
| 038 |
|
|
|a SNKBUCL
|
| 040 |
|
|
|a SNKBUCL
|b slo
|c SNKBUCL
|e AACR2
|
| 041 |
0 |
|
|a slo
|
| 044 |
|
|
|a xo
|c SK
|
| 080 |
|
|
|a 81`25:061.7
|2 2001
|
| 080 |
|
|
|a 82:061.7
|2 2001
|
| 080 |
|
|
|a 81`255.2:061.7
|2 2001
|
| 100 |
1 |
|
|a Pauleová, Milada,
|d 1946-
|4 aut
|9 100663
|
| 245 |
1 |
0 |
|a Cena Mateja Bela
|c Milada Pauleová
|
| 648 |
|
7 |
|a 1990-2002
|2 snkbucl
|9 304049
|
| 650 |
0 |
7 |
|a Cena Mateja Bela
|y za r. 1990-2002
|2 snkbucl
|9 836275
|
| 650 |
0 |
7 |
|a odborný preklad
|2 snkbucl
|9 73828
|
| 650 |
0 |
7 |
|a ceny a vyznamenania
|2 snkbucl
|9 73045
|
| 650 |
0 |
7 |
|a preklady do slovenčiny
|2 snkbucl
|9 59836
|
| 773 |
0 |
|
|t Letná škola prekladu : zborník prednášok. 2, Kvalita prekladu a prekladateľské kompetencie
|d Bratislava : AnaPress, 2004
|g S. 99-104
|z 8089137040
|
| 852 |
|
|
|a SNK
|b KIS3GCP
|
| 958 |
|
|
|a SK
|
| 999 |
|
|
|c 1351221
|d 1353151
|